Manual del Derecho de la Familia (Con las reformas introducidas por la Ley N° 10.271).

Gardado en:
Detalles Bibliográficos
Autor Principal: Rossel Saavedra, Enrique (autor)
Formato: Libro
Idioma:inglés
Publicado: Santiago, Chile: Jurídica de Chile, 1952.
Series:Manuales Jurídicos,
Subjects:
Tags: Engadir etiqueta
Sen Etiquetas, Sexa o primeiro en etiquetar este rexistro!

MARC

LEADER 00000nam a22000007a 4500
003 CL-VaPUC
005 20241010170708.0
008 241007t1952 ||||| |||| 00| 0 eng d
999 |c 445011  |d 445009 
040 |c Pontificia Universidad Católica de Valparaíso 
082 |2 22  |a 346.83015 ROS 1952 
100 |9 297782  |a Rossel Saavedra, Enrique  |e autor 
245 |a Manual del Derecho de la Familia  |b (Con las reformas introducidas por la Ley N° 10.271). 
260 |a Santiago, Chile:  |b Jurídica de Chile,  |c 1952. 
300 |a 546 páginas. 
490 |a Manuales Jurídicos,   |n  50. 
500 |a c.1: Donación. Biblioteca de Derecho. Memo DER N° 042. 03-10-2024 
583 |c 20241007  |k Yessy Sthefany Diaz Vidal 
650 0 |9 255603  |a Derecho de familia  |x Matrimonio y divorcio  |v Aspectos legislativos  |y Siglo 20  |z Chile 
942 |2 ddc  |c BK 
952 |0 0  |1 0  |2 ddc  |4 0  |6 346_830150000000000_ROS_1952  |7 0  |8 A  |9 597237  |a BIBDER  |b BIBDER  |d 2024-10-07  |f Donación  |i 5662996  |o 346.83015 ROS 1952  |p 5662996  |r 2024-10-07  |t 1  |w 2024-10-07  |y BK  |k DER